000 00384nam a22001337a 4500
008 240220b |||||||| |||| 00| 0 eng d
020 _a9789583054914
082 _aC
_bALER
100 _aAlekos
_eautor, ilustrador
_943474
245 _aRapito y Sapón /
_cAlekos
260 _8Bogotá:
_aPanamericana,
_b2017
300 _a36 páginas:
_bilustraciones a color;
_c20 cm.
942 _2ddc
999 _c30674
_d17058